Populous French Cities, 1000-2006 Quiz Stats

 Plays Quiz Updated Jan 31, 2019

Support Sporcle.
Go Orange.
Score 0/140 Timer 10:00
0 Plays Today
Year City % Correct
2006Paris
99.9%
1911Paris
99.9%
1801Paris
99.9%
1750Paris
99.9%
1500Paris
99.9%
1300Paris
99.9%
1000Paris
99.9%
2006Marseille
86.1%
1911Marseille
86.1%
1801Marseille
86.1%
1750Marseille
86.1%
1500Marseille
86.1%
1300Marseille
86.1%
1000Marseille
86.1%
2006Lyon
85.5%
1911Lyon
85.4%
1801Lyon
85.4%
1750Lyon
85.4%
1500Lyon
85.4%
1300Lyon
85.4%
1000Lyon
85.4%
2006Nice
77.9%
1911Nice
77.9%
2006Bordeaux
69.9%
1911Bordeaux
69.9%
1801Bordeaux
69.9%
1750Bordeaux
69.9%
1500Bordeaux
69.9%
1300Bordeaux
69.9%
2006Toulouse
64.6%
1911Toulouse
64.6%
1801Toulouse
64.6%
1750Toulouse
64.6%
1500Toulouse
64.6%
1300Toulouse
64.6%
1000Toulouse
64.6%
2006Strasbourg
60.1%
1801Strasbourg
60.1%
1750Strasbourg
60.1%
1500Strasbourg
60.1%
1000Strasbourg
60.1%
2006Lille
59.1%
1911Lille
59.1%
1801Lille
59.1%
1750Lille
59.1%
1500Lille
59.1%
1300Lille
59.1%
Year City % Correct
2006Nantes
56.7%
1911Nantes
56.7%
1801Nantes
56.7%
1750Nantes
56.7%
2006Brest
48.4%
1911Brest
48.4%
1801Brest
48.4%
1750Brest
48.4%
2006Dijon
47.9%
1750Dijon
47.9%
1000Dijon
47.9%
2006Rennes
47.3%
1911Rennes
47.3%
1801Rennes
47.3%
1750Rennes
47.3%
1000Rennes
47.3%
2006Montpellier
46.8%
1911Montpellier
46.8%
1801Montpellier
46.8%
1750Montpellier
46.8%
1300Montpellier
46.8%
1000Montpellier
46.8%
2006Reims
46.8%
1911Reims
46.8%
1000Reims
46.7%
1801Orléans
46%
1750Orléans
46%
1500Orléans
46%
2006Grenoble
45.5%
2006Le Havre
41.8%
1911Le Havre
41.8%
1801Caen
41.4%
1750Caen
41.4%
1500Caen
41.4%
1000Caen
41.4%
1911Rouen
41%
1801Rouen
41%
1750Rouen
41%
1500Rouen
41%
1300Rouen
41%
1000Rouen
41%
2006Toulon
40.9%
1911Toulon
40.9%
1750Versailles
40.2%
1750Avignon
40.1%
1500Avignon
40.1%
1911Nancy
39.6%
Year City % Correct
1801Nancy
39.6%
1500Tours
37.7%
1300Tours
37.7%
1000Tours
37.7%
2006Saint-Etienne
37.5%
1911Saint-Etienne
37.5%
1801Metz
36%
1750Metz
36%
1500Metz
36%
1300Metz
36%
1000Metz
36%
2006Nîmes
34.5%
1801Nîmes
34.5%
1750Nîmes
34.5%
1300Nîmes
34.5%
2006Angers
30.5%
1911Angers
30.5%
1801Angers
30.5%
1300Angers
30.5%
1000Angers
30.5%
1911Amiens
30.1%
1801Amiens
30.1%
1750Amiens
30.1%
1500Amiens
30.1%
1300Amiens
30.1%
1000Amiens
30.1%
1500Poitiers
24.3%
1000Poitiers
24.3%
1500Troyes
19.6%
1300Troyes
19.6%
1000Troyes
19.6%
1801Besançon
19.3%
1500Bourges
14.5%
1500Valenciennes
13.3%
1300Valenciennes
13.3%
1911Roubaix
12.8%
1300Narbonne
12.6%
1000Narbonne
12.6%
1300Laon
11.7%
1000Laon
11.7%
1300Arras
11.5%
1500Dieppe
10.9%
1300Douai
6.4%
1300St. Omer
5.8%
1500Provins
5.6%
1000Provins
5.6%

You're not logged in!

Compare scores with friends on all Sporcle quizzes.
OR
Log In

From the Vault

Alphabet Words

by inkspill19

These words raise the bar when it comes to perfection--even their letters are in alphabetical order!
Remove Ads.
Support Sporcle.
Get the best of Sporcle when you Go Orange. This ad-free experience offers more features, more stats, and more fun while also helping to support Sporcle. Thank you for becoming a member.

Show Comments

Extras

Top Quizzes Today


Score Distribution

Your Account Isn't Verified!

In order to create a playlist on Sporcle, you need to verify the email address you used during registration. Go to your Sporcle Settings to finish the process.

Report this User

Report this user for behavior that violates our Community Guidelines.

Details: